ბათუმის შოთა რუსთაველის სახელმწიფო უნივერსიტეტის ბიბლიოთეკა

ჩემი დედულეთი (ბიბ.ჩანაწერი № 49837)

000 -ლიდერი
ფიქსირებული სიგრძის საკონტროლო ველი 00860nam a2200217Ia 4500
001 - საკონტროლო ნომერი
საკონტროლო ველი 16772
003 - საკონტროლო ნომრის იდენტიფიკატორი
საკონტროლო ველი GE_BSU
005 - ბოლო ოპერაციის თარიღი და დრო
საკონტროლო ველი 20221213120556.0
008 - ფიქსირებული სიგრძის მონაცემთა ელემენტები - ზოგადი ინფორმაცია
ფიქსირებული სიგრძის საკონტროლო ველი 181216s1980ge xx |||||||||||||| ||geo||
040 ## - კატალოგიზაციის წყარო
Transcribing agency GE_BSU
041 ## - ენის კოდი
Language code of text/sound track or separate title geo
080 ## - უნივერსალური ათობითი კლასიფიკაციის ინდექსი
Universal Decimal Classification number 821.353.1-32 ვ-21
100 ## - მთავარი ჩანაწერი - პიროვნების სახელი
Personal name ვარშანიძე, მამია
9 (RLIN) 16378
245 ## - ცნობა სათაურის შესახებ
Title ჩემი დედულეთი
Remainder of title ქრონიკები. [წ. 1] /
Statement of responsibility, etc მამია ვარშანიძე, რედ.ზ.ფირცხალაიშვილი.
264 ## - წარმოების, გამოცემის, დისტრიბუციის და სხვა ცნობები
გამოცემის, წარმოების, დისტრიბუციის... ადგილი ბათუმი :
გამოცემის, წარმოების, დისტრიბუციის... სახელწოდება საბჭ. აჭარა,
გამოცემის, წარმოების, დისტრიბუციის... თარიღი 1980.
300 ## - ფიზიკური აღწერა
Extent 183 გვ.:
Other physical details 21 სმ.
653 ## - INDEX TERM--UNCONTROLLED
Uncontrolled term ქრონიკები
653 ## - INDEX TERM--UNCONTROLLED
Uncontrolled term ჩემი დედულეთი
700 ## - ADDED ENTRY--PERSONAL NAME
Personal name ფირცხალაიშვილი, ზ
Relator term რედაქტორი
9 (RLIN) 3678
942 ## - ADDED ENTRY ELEMENTS (KOHA)
Koha item type წიგნი
Source of classification or shelving scheme
ეგზემპლარები
ჩამოწერის სტატუსი დაკარგული ეგზემპლარის სტატუსი კლასიფიკაციის წყარო ან თაროზე გაწყობის სქემა დაზიანების სტატუსი არ გაიცემა მუდმივი მდებარეობა (დაცვის ადგილი) ამჟამინდელი ადგილსამყოფელი თაროზე განთავსების ადგილი შეძენის თარიღი ღირებულება, შესყიდვის ნორმალური ფასი სრული შენახვის შიფრი შტრიხკოდი ბოლო ოპერაციის თარიღი ეგზემპლარის მიმდევრობითი ნომერი (კეტერი?) ფასის ძალაში შესვლის თარიღი ეგზემპლარის სახეობა საჯარო შენიშვნა
          ბათუმის შოთა რუსთაველის სახელმწიფო უნივერსიტეტის მთავარი ბიბლიოთეკა ბათუმის შოთა რუსთაველის სახელმწიფო უნივერსიტეტის მთავარი ბიბლიოთეკა წიგნსაცავი 2018-12-17 3.00 821.353.1-32 ვ-21 22146 2018-12-17 22146 2018-12-17 წიგნი 3.00
          ბათუმის შოთა რუსთაველის სახელმწიფო უნივერსიტეტის მთავარი ბიბლიოთეკა ბათუმის შოთა რუსთაველის სახელმწიფო უნივერსიტეტის მთავარი ბიბლიოთეკა წიგნსაცავი 2022-12-13 3.00 821.353.1-32 ვ-21 63281 2022-12-13 63281 2022-12-13 წიგნი 3.00